000 00507nam a22001577a 4500
003 OSt
005 20151104155053.0
008 151104b xxu||||| |||| 00| 0 eng d
040 _cRUA
082 _aFOR SIN 1997 B123 Or.1
100 _93367
_aSIN, POLIN.
245 _aThe use of woodfuels in siem reap province, ការប្រើប្រាស់ឈើថាមពលក្នុងខេត្តសៀមរប
260 _aPhnom Penh
_bRUA
_c1997
300 _a43p.
_bill.
_c29cm.
942 _2ddc
_cFOR
999 _c3140
_d3140